| 000 | 03954nam0a2200481 4500 | ||
|---|---|---|---|
| 001 | RU\NLR\BIBL_A\011842480 | ||
| 005 | 20250626135939.0 | ||
| 020 |
_aRU _b18767 _9Сводный каталог листовок первых лет Советской власти (25 октября (7 ноября) 1917 - 1925) Т.6. Листовки органов военного управления отдельных воинских соединений и частей военных организаций и учреждений |
||
| 035 | _a(NLR Aleph) 011842480 | ||
| 090 |
_a12062449 _c12062449 |
||
| 100 | _a20181023d1920 |||y0rusy50 ca | ||
| 101 | 0 | _arus | |
| 102 | _aRU | ||
| 105 | _ay z 000zy | ||
| 135 | _acrcn 024anaba | ||
| 200 | 1 |
_aПриказ Совета Первой Революционной Армии Труда № 406/сат: г. Екатеринбург, 1 нояб. 1920 г. (По Комитету по трудповинности) _e[листовка] |
|
| 210 |
_aЕкатеринбург _c[б. и.] _d1920, нояб. |
||
| 215 |
_a1 с. _d20х13 |
||
| 300 | _aПодлинный подписали: Зампредсовтрударма I Мрачковский, Предуралкомтруд Евзеров, управделами Совтрударма I Жуков. С подлинным верно: начальник Общ. адм. Совтрударма I Колосов | ||
| 309 | _aКопия | ||
| 316 |
_aНа листовке штамп: РПБ. 1921 _5NLR |
||
| 325 | _aКопия доступна в Электрон. б-ке РНБ | ||
| 327 | 1 | _aО направлении в Красную армию добровольцев из числа граждан, мобилизованных по трудовой повинности; о порядке трудовой мобилизации рабочих металлургических заводов | |
| 517 | 1 | _aПо Комитету по трудповинности | |
| 540 | 1 | _aО направлении в Красную армию добровольцев из числа граждан, мобилизованных по трудовой повинности | |
| 540 | 1 | _aО порядке трудовой мобилизации рабочих металлургических заводов | |
| 607 |
_aРСФСР _jЛистовки _xПолитика и управление _y1917 - 1925 _92312782 _3RU\NLR\auth\6601609564 |
||
| 686 | 0 | _aТ3(2)71-313,011 | |
| 702 | 1 |
_4720 _7ca _8rus _aМрачковский _bС. В. _cвоен. и хоз. деятель _f1888-1936 _gСергей Витальевич _9209187 _3RU\NLR\AUTH\770209241 |
|
| 702 | 1 |
_4720 _7ca _8rus _aЕвзеров _bД. _cучастник установления советской власти, предуралкомтруда, Уральская обл. _9194055 _3RU\NLR\AUTH\770194106 |
|
| 702 | 1 |
_4720 _7ca _8rus _aЖуков _cучастник установления советской власти, управделами Совтрударма 1, Уральская обл. _9200687 _3RU\NLR\AUTH\770200738 |
|
| 702 | 1 |
_aКолосов _cучастник установления советской власти, г. Екатеринбург _cнач. Обще-администр. отделения Совета труд. армии _4720 |
|
| 710 | 0 | 2 |
_aАрмия труда _bСовет _c1; Екатеринбург _9647145 _3RU\NLR\AUTH\880493586 |
| 711 | 0 | 2 |
_aУральский областной комитет по всеобщей трудовой повинности _9623489 _3RU\NLR\AUTH\880481445 |
| 852 | 0 | 0 |
_aNLR _bФЛ _j65/123 |
| 942 | _cBOOK | ||
| 980 | _aNB | ||
| 981 | 2 | 1 |
_a(21) Листовки _b(21) Листовки 1920 года |